Mudratatta aru bitta bazar (Record no. 6234)

MARC details
000 -LEADER
fixed length control field 00519cam a2200217ua 4500
008 - FIXED-LENGTH DATA ELEMENTS--GENERAL INFORMATION
fixed length control field 150623n ii |||gr||||Z||||||eng
020 ## - INTERNATIONAL STANDARD BOOK NUMBER
International Standard Book Number 9789382030409
040 ## - CATALOGING SOURCE
Transcribing agency MAIN
041 ## - LANGUAGE CODE
-- eng
082 ## - DEWEY DECIMAL CLASSIFICATION NUMBER
Classification number 332.46
100 ## - MAIN ENTRY--PERSONAL NAME
Personal name Ahmed, Rofique,
Relator term
245 ## - TITLE STATEMENT
Title Mudratatta aru bitta bazar
Statement of responsibility, etc. By Rofique Ahmed
250 ## - EDITION STATEMENT
Edition statement 1st.
260 ## - PUBLICATION, DISTRIBUTION, ETC.
Place of publication, distribution, etc. Jorhat:
Name of publisher, distributor, etc. Unika,
Date of publication, distribution, etc. 2013.
300 ## - PHYSICAL DESCRIPTION
Extent 456p.
942 ## - ADDED ENTRY ELEMENTS (KOHA)
Koha item type Books
653 ## - INDEX TERM--UNCONTROLLED
Uncontrolled term Financial economics
653 ## - INDEX TERM--UNCONTROLLED
Uncontrolled term Monetary theory
653 ## - INDEX TERM--UNCONTROLLED
Uncontrolled term Financial market
Holdings
Withdrawn status Lost status Damaged status Not for loan Home library Current library Shelving location Date acquired Total Checkouts Full call number Barcode Date last seen Date last checked out Copy number Price effective from Koha item type
        Central Library, Naharkatiya College Central Library, Naharkatiya College General Stacks 19/09/2020 10 332.46 | AHM 22182 12/10/2023 03/10/2023 2 19/09/2020 Books
        Central Library, Naharkatiya College Central Library, Naharkatiya College General Stacks 19/09/2020 17 332.46 | AHM 22183 26/10/2024 18/09/2024 1 19/09/2020 Books
        Central Library, Naharkatiya College Central Library, Naharkatiya College General Stacks 19/09/2020 11 332.46 | AHM 22184 27/11/2024 22/10/2024 4 19/09/2020 Books
        Central Library, Naharkatiya College Central Library, Naharkatiya College General Stacks 19/09/2020 15 332.46 | AHM 22185 20/10/2022 01/10/2022 3 19/09/2020 Books

Naharkatiya College © 2020. All rights reserved.

Powered By